Primavera en el cielo / (Record no. 102224)

MARC details
000 -LEADER
campo de control de longitud fija 00503nam a2200169 i 4500
001 - NÚMERO DE CONTROL
campo de control 102224
003 - IDENTIFICADOR DE NÚMERO DE CONTROL
campo de control ES-MaACL
005 - FECHA Y HORA DE LA ÚLTIMA TRANSACCIÓN
campo de control 20230906183051.0
007 - CAMPO FIJO DE DESCRIPCIÓN FÍSICA--INFORMACIÓN GENERAL
campo de control de longitud fija t|
008 - DATOS DE LONGITUD FIJA--INFORMACIÓN GENERAL
campo de control de longitud fija 051107s1967 sp ||||1| spa d
100 1# - ENTRADA PRINCIPAL--NOMBRE DE PERSONA
Nombre de persona Mendizábal, Federico de.
9 (RLIN) 80208
245 10 - MENCIÓN DEL TÍTULO
Título Primavera en el cielo /
Mención de responsabilidad, etc. Federico de Mendizabal, Miguel López Muñiz.
260 ## - PUBLICACIÓN, DISTRIBUCIÓN, ETC.
Lugar de publicación, distribución, etc. Madrid :
Nombre del editor, distribuidor, etc. Gesta,
Fecha de publicación, distribución, etc. 1967.
300 ## - DESCRIPCIÓN FÍSICA
Extensión 146 p., 3 h. ;
Dimensiones 17 cm.
700 1# - ENTRADA AGREGADA--NOMBRE PERSONAL
Nombre de persona López Muñiz, Miguel.
9 (RLIN) 73810
852 ## - LOCALIZACIÓN
Ubicación ES-MaACL
Número de control de estantería C-33903
Sublocalización o colección R.64442
Holdings
Estatus retirado Estado de pérdida Estado de daño No para préstamo Biblioteca de origen Biblioteca actual Ubicación en estantería Fecha de adquisición Fuente de adquisición Total de préstamos Signatura topográfica completa Código de barras Visto por última vez Precio de reemplazo Tipo de ítem Koha
        Biblioteca del Ateneo de Madrid Biblioteca del Ateneo de Madrid Depósito 2 17/01/2008     C-33903 1106710 23/02/2023 23/02/2023 Libro impreso